000 01430cam a2200349 a 4500
005 20260322212048.0
008 data
010 _a 86033379
020 _a0395518482 (pbk.)
_c{dollar}15.95
020 _a9780395518489 (pbk.)
_c{dollar}15.95
040 _aDLC
_cDLC
_dDLC
042 _alcac
050 0 0 _aE457.905
_b.F73 1987
051 _aE457.905
_b.F73 1987 Copy 2
_cAnother copy.
051 _aE457.905
_b.F73 1987 Copy 3
_cAnother copy.
082 0 0 _a92
_aB
_a92
_219
100 1 _aFreedman, Russell.
245 1 0 _aLincoln :
_ba photobiography /
_cRussell Freedman & Alfred Whital Stern Collection of Lincolniana (Library of Congress).
260 _aNew York, N.Y. :
_bClarion Books,
_cc1987.
300 _a150 p. :
_bill. ;
_c24 cm.
500 _aIncludes index.
504 _aBibliography: p. 142-143.
520 _aPhotographs and text trace the life of the Civil War President.
600 1 0 _aLincoln, Abraham,
_d1809-1865
_vJuvenile literature.
600 1 1 _aLincoln, Abraham,
_d1809-1865.
650 0 _aPresidents
_zUnited States
_vJuvenile literature.
_vJuvenile literature.
650 1 _aPresidents.
710 2 _aAlfred Whital Stern Collection of Lincolniana (Library of Congress)
_5DLC
856 4 2 _3Publisher description
_uhttp://www.loc.gov/catdir/description/hm021/86033379.html
856 4 2 _3Contributor biographical information
_uhttp://www.loc.gov/catdir/enhancements/fy0736/86033379-b.html
001 data
999 _c1123
_d1123